| 000 | 00523nam a22001817a 4500 | ||
|---|---|---|---|
| 999 |
_c27260 _d27260 |
||
| 003 | BDDh-ASL | ||
| 005 | 20231015030738.0 | ||
| 008 | 211030s1871 ii ||||| |||| 00| 0 u d | ||
| 040 |
_aBDDh-ASL _cBDDh-ASL |
||
| 082 |
_a297.3 _bMUS |
||
| 100 | 1 |
_95494 _aMuradullah, Shah |
|
| 245 | 1 | 0 | _aSahih Tafsir-e Muradiya : / تفسير مراديہ صحيح |
| 260 |
_aSealdah : _bSitariya Press , _c1293 H. / 1871. |
||
| 300 |
_a486 p. : _c24 cm. |
||
| 505 | _aPartly Damaged | ||
| 650 | 0 |
_94705 _aTafsir |
|
| 942 |
_2ddc _cBK |
||